Normal view
MARC view
Entry Personal Name
001 - CONTROL NUMBER
- control field: 164088
003 - CONTROL NUMBER IDENTIFIER
- control field: OSt
005 - DATE AND TIME OF LATEST TRANSACTION
- control field: 20220923220303.0
008 - FIXED-LENGTH DATA ELEMENTS
- fixed length control field: 220923|| aca||aabn | a|a d
040 ## - CATALOGING SOURCE
- Original cataloging agency: OSt
- Transcribing agency: OSt
100 ## - HEADING--PERSONAL NAME
- Personal name: घाटे, विट्ठलराव दत्तात्रेय
670 ## - SOURCE DATA FOUND
- Source citation: Work cat.: (OSt)338969: घाटे, विट्ठलराव दत्तात्रेय, देश देश के लोग, 1939
